000 00252nam a22001217a 4500
008 170418b xxu||||| |||| 00| 0 eng d
041 _aeng
080 _a573
100 _a10
101 _aSHM
245 _aIMMUNOBIOLOGY
_cGOOD, R.A
942 _2udc
_cBK
999 _c10937
_d10937